书目信息 |
| 题名: |
零起点看图学拔罐
|
|
| 作者: | 艾群 主编 | |
| 分册: | ||
| 出版信息: | 北京 中国协和医科大学出版社 2017 |
|
| 页数: | 229页 | |
| 开本: | 23cm | |
| 丛书名: | 零起点看图学操作系列丛书 | |
| 单 册: | ||
| 中图分类: | R244.3-64 | |
| 科图分类: | ||
| 主题词: | 拔罐疗法--图解 | |
| 电子资源: | ||
| ISBN: | 978-7-5679-0558-0 | |
| 000 | 00885nam0 2200241 450 | |
| 001 | 0104349178 | |
| 005 | 20180108164951.0 | |
| 010 | @a978-7-5679-0558-0@dCNY30.00 | |
| 100 | @a20171115d2017 em y0chiy0120 ea | |
| 101 | 0 | @achi |
| 102 | @aCN@b110000 | |
| 105 | @aa z 000yy | |
| 106 | @ar | |
| 200 | 1 | @a零起点看图学拔罐@9Ling Qi Dian Kan Tu Xue Ba Guan @f艾群主编@b专著 |
| 210 | @a北京@c中国协和医科大学出版社@d2017 | |
| 215 | @a229页@d23cm | |
| 225 | 1 | @a零起点看图学操作系列丛书 |
| 330 | @a本书内容包括拔罐疗法基础知识、拔罐疗法与经络穴位、内科常见病拔罐疗法、外科常见病拔罐疗法、妇科常见病拔罐疗法、儿科常见病拔罐疗法、男科常见病拔罐疗法、皮肤科常见病拔罐疗法、五官科常见病拔罐疗法以及日常拔罐保健。 | |
| 606 | 0 | @a拔罐疗法@j图解 |
| 690 | @aR244.3-64@v5 | |
| 701 | 0 | @a艾群@f(1966~)@4主编@9ai qun |
| 801 | 0 | @aCN@bAZmarc@c20230904 |
| 905 | @aBZT@dR244@e229@f4@sR244/229 | |
| 零起点看图学拔罐/艾群主编.-北京:中国协和医科大学出版社,2017 |
| 229页;23cm.-(零起点看图学操作系列丛书) |
| ISBN 978-7-5679-0558-0:CNY30.00 |
| 本书内容包括拔罐疗法基础知识、拔罐疗法与经络穴位、内科常见病拔罐疗法、外科常见病拔罐疗法、妇科常见病拔罐疗法、儿科常见病拔罐疗法、男科常见病拔罐疗法、皮肤科常见病拔罐疗法、五官科常见病拔罐疗法以及日常拔罐保健。 |
| ● |
| 相关链接 |
|
|
|
正题名:零起点看图学拔罐
索取号:R244/229
 
预约/预借
| 序号 | 登录号 | 条形码 | 馆藏地/架位号 | 状态 | 备注 |
| 1 | 2000002718 | 2000002718 | 旧书回溯/ [索取号:R244/229] | 在馆 | |
| 2 | 2000002719 | 2000002719 | 旧书回溯/ [索取号:R244/229] | 在馆 | |
| 3 | 2000002720 | 2000002720 | 旧书回溯/ [索取号:R244/229] | 在馆 | |
| 4 | 2000002721 | 2000002721 | 旧书回溯/ [索取号:R244/229] | 在馆 |